000 00345 a2200157 4500
001 48260
020 _a8532252206
040 _cAnchieta - Bela Vista
100 _aMachado, Ana Maria
240 1 0 _aOs três porquinhos
_lpor
245 1 0 _aOs três porquinhos
300 _a29
362 0 _a2004
650 4 _aLiteratura infantil
942 _cBK
999 _c48260
_d48260